Every Goku Form by Picture Snippet - Statistics

General Stats
  • This quiz has been taken 37 times
    35 since last reset
  • The average score is 13 of 41
Answer Stats
Picture Answer % Correct
Super Saiyan
94%
Super Saiyan 2
94%
Great Ape
83%
Super Saiyan 4
83%
Kaioken
78%
Super Saiyan 3
78%
False Super Saiyan
72%
Super Saiyan Blue
61%
Super Saiyan 5
56%
Golden Great Ape
44%
Super Saiyan God
44%
Super Saiyan Rose
44%
Mastered Ultra Instinct
39%
Super Saiyan Blue Kaioken
39%
Gogeta
33%
Goku Black
33%
Super Saiyan Grade 3
33%
Vegito
33%
Super Saiyan Rose 3
28%
True Ultra Instinct
28%
Ultra Instinct -Sign-
28%
Super Kaioken
22%
Super Saiyan Grade 4
22%
Super Saiyan Rose 2
22%
Full Power Super Saiyan 4
17%
Super Saiyan Infinity
17%
Super Saiyan White
17%
Perfected Super Saiyan Blue
11%
Super Saiyan 4 (Daima)
11%
God Fusion Goku
6%
Mastered Ultra Instinct: Giant Avatar
6%
Saiyan Beyond God
6%
Spirit Bomb Super Saiyan
6%
Super Full Power Saiyan 4 Limit Breaker
6%
Super Full Power Saiyan 4 Limit Breaker (Ki Fusion)
6%
Super Saiyan 2 Berserk
6%
Super Saiyan Blue (Ki Fusion)
6%
Super Saiyan Blue Universe Tree Power
6%
Super Saiyan Power
6%
Super Saiyan Rose Full Power
6%
Ultra Full Power Super Saiyan 4
6%
No matching quizzes found
Score Distribution
Percent of People with Each Score
Percentile by Number Answered
Your Score History
You have not taken this quiz since the last reset